00909 a2200181 45000010006000000050017000060080041000230030015000640400040000790800124001192450097002432640028003403000019003685050272003871000019006597000023006787000026007014837920260407155748.0260407a1950 arg spa dAR-UNSa-BCEJYS aAR-UNSa-BCEJYSbspacAR-UNSa-BCEJYS a330.101xCiencia económica en general. La economía y sus problemas. Objeto y métodos de la economía política 10aElementos de económia políticapIntroducción a la teoría del precio y la ocupación 1aMadrid :bAguilarc1950 a787 p.c22 cm. a1. Estructura de la economía - 2. Las operaciones de la empresa: precio y producción - 3. El dinero y el tipo de interés - 4. La renta nacional y el empleo u ocupación - 5. Comercio internacional, producción y renta - 6. Grupos interesados en la economía.1 aTarshis, Lorie1 aRuiz Magadan, Juan1 aRuiz Rubio, Juan Jose